| 000 | 00420nam a2200157Ia 4500 | ||
|---|---|---|---|
| 008 | 160316s1996 xxu||||| |||| 00| 0 eng d | ||
| 082 |
_a346.017000 _bSIN |
||
| 100 | _aSinha Shantha | ||
| 245 | _aChild labour and education policy in India | ||
| 250 | _a | ||
| 260 |
_aSecunderabad _bM.Venkarangaiya Foundation _c1996 |
||
| 300 |
_a9 _b _c |
||
| 365 | _b | ||
| 650 | _a1. Child labour - education policy | ||
| 700 |
_a _a |
||
| 999 |
_c36755 _d36755 |
||